Conciones, Qvae De Praecipvis Sanctorvm Festis In Ecclesia Habentvr. [2]. A Festo Beatissimae Mariae Magdalenae, vsque ad finem anni

Bibliographic Details
Main Author: Luis de Granada, 1504-1588 (Author, Dedicator)
Corporate Author: Plantin, Christophe (Antverpy, Belgicko) (Printer)
Other Authors: Plantin, Christophe, 1520-1589 (Printer)
Format: Book
Language:Latin
PhysicalDescription:542 strán, [1] list 8°
Published: Antverpiæ Ex officina Christophori Plantini M. D. LXXXIIII. [=1584]
Subjects:

MARC

LEADER 00000nam a2200000 a 4500
001 vtls011786936
003 SK-MaSNL
005 20260302091617.0
008 251112 1584 be 001 0 lat
015 |a SNBHFA1584 
020 |q (viaz.) 
035 |a urn:nbn:sk:snk-am00ees2 
035 |a urn:nbn:sk:snk-am3ihzy 
035 |a F058F9AE-881D-4B81-99F0-1D949D668A24 
040 |a SNKHF  |b slo  |c SNK  |e AACR2 
041 |a lat 
044 |a be  |c BE 
072 7 |a 2  |x Náboženstvo  |2 konspekt 
080 |a 2-475.5  |2 2011 
080 |a 398.33  |2 2011 
080 |a 21/29-1/-9  |2 2011 
100 0 |a Luis de Granada,  |d 1504-1588  |4 aut  |4 dto  |9 140419 
245 1 0 |a Conciones, Qvae De Praecipvis Sanctorvm Festis In Ecclesia Habentvr. [2]. A Festo Beatissimae Mariae Magdalenae, vsque ad finem anni 
260 |a Antverpiæ  |b Ex officina Christophori Plantini  |c M. D. LXXXIIII. [=1584] 
300 |a 542 strán, [1] list  |c 8° 
500 |a Vinety, vlys, iniciálky s ornamentálnym pozadím na 7 riadkov 
501 |a Príväzok 1. k: LUIS DE GRANADA. Conciones. Antverpiae: Ex officina Christophori Plantini, 1584.  |5 SNK IC 100488 
504 |a Marginálie, kustódy 
546 |a Latinčina  |b Kurzíva 
561 |a Z knižnice františkánov Bratislava.  |5 SNK IC 100488/prív.1 
650 0 7 |a kázne  |2 SNKPH  |9 1954 
650 0 7 |a sviatky  |2 SNKPH  |9 740 
650 0 7 |a náboženstvo  |2 SNKPH  |9 2023 
700 1 |a Plantin, Christophe,  |d 1520-1589  |4 prt  |9 129849 
710 1 |a Františkáni (Bratislava, Slovensko)  |4 fmo  |9 281881 
710 0 |a Plantin, Christophe (Antverpy, Belgicko),  |d 1548-1589  |4 prt  |9 179213 
752 |a Belgicko  |d Antverpy 
852 |a snk  |b Historické fondy  |p IC 100488/prív.1 
958 |a ONDV 
999 |c 1201413  |d 1203343 
952 |t Fr Ba 3291  |a SNK  |b SNK  |c SNK_HF  |y PREZ  |7 0  |p 17A1131341  |o snkIC 100488/prív.1  |i snk2018/21745  |8 5  |0 0  |1 0  |4 0  |d 2018-10-23  |f 1  |l 0  |r 2026-02-24 22:42:40  |w 2026-02-24